[Event "HUN-chT2 Erkel 1213"]
[Site "Hungary"]
[Date "2012.11.18"]
[Round "4.8"]
[White "Szovan, Karoly"]
[Black "Grimm, Gyorgy"]
[Result "1/2-1/2"]
[WhiteElo "2074"]
[BlackElo "2059"]
[PlyCount "94"]
[EventDate "2012.09.16"]
[EventType "team-tourn"]
[EventRounds "11"]
[EventCountry "HUN"]
[SourceTitle "EXT 2014"]
[Source "ChessBase"]
[SourceDate "2013.11.20"]
[SourceVersion "1"]
[SourceVersionDate "2013.11.20"]
[SourceQuality "1"]
[WhiteTeam "Foti"]
[BlackTeam "BEAC II"]
[WhiteTeamCountry "HUN"]
[BlackTeamCountry "HUN"]

1. d4 d5 2. c4 c6 3. Nc3 Nf6 4. Nf3 e6 5. cxd5 exd5 6. Bg5 Nbd7 7. e3 Bd6 8. Bd3 h6 9. Bh4 0-0 10. Qc2 Re8 11. 0-0 Qc7 12. Rac1 Qb8 13. Rfe1 Be7 14. e4 Nxe4 15. Bxe7 Rxe7 16. Nxe4 dxe4 17. Bxe4 Kf8 18. d5 cxd5 19. Bxd5 Rxe1+ 20. Rxe1 Qd6 21. Qc4 Nb6 22. Qe4 Bf5 23. Qxf5 Nxd5 24. Rd1 Ne7 25. Rxd6 Nxf5 26. Rd7 Rb8 27. Ne5 Ne7 28. Kf1 Ke8 29. Rc7 f6 30. Nc4 Kd8 31. Rc5 Rc8 32. Rxc8+ Nxc8 33. Ke2 Kd7 34. Kf3 Nd6 35. Nxd6 Kxd6 36. Ke4 g6 37. g4 Ke6 38. f4 f5+ 39. gxf5+ gxf5+ 40. Kd4 Kd6 41. b4 h5 42. a4 b6 43. Kc4 Kc6 44. Kd4 Kd6 45. a5 h4 46. axb6 axb6 47. b5 Ke6 1/2-1/2

[Event "HUN-chT2 Erkel 1112"]
[Site "Hungary"]
[Date "2012.03.12"]
[Round "7.8"]
[White "Szovan, Karoly"]
[Black "Takacs, Attila"]
[Result "1-0"]
[WhiteElo "2020"]
[BlackElo "1962"]
[PlyCount "33"]
[EventDate "2011.09.25"]
[EventType "team-tourn"]
[EventRounds "11"]
[EventCountry "HUN"]
[SourceTitle "EXT 2013"]
[Source "ChessBase"]
[SourceDate "2012.11.22"]
[SourceVersion "1"]
[SourceVersionDate "2012.11.22"]
[SourceQuality "1"]
[WhiteTeam "Foti"]
[BlackTeam "Szigetszentmiklos"]
[WhiteTeamCountry "HUN"]
[BlackTeamCountry "HUN"]

1. d4 d5 2. c4 e6 3. Nf3 Be7 4. Nc3 c6 5. cxd5 exd5 6. Bf4 Nf6 7. e3 Qa5 8. Qb3 0-0 9. Bd3 b5 10. 0-0 Nh5 11. Nxd5 Bd8 12. Bxb8 Rxb8 13. Nb4 Bb7 14. Ne5 Rc8 15. Rac1 c5 16. dxc5 Be7 17. c6 1-0

[Event "HUN-chT2 Erkel 1112"]
[Site "Hungary"]
[Date "2012.01.29"]
[Round "5.8"]
[White "Szovan, Karoly"]
[Black "Szijarto, Csaba"]
[Result "1-0"]
[WhiteElo "2020"]
[BlackElo "2107"]
[PlyCount "89"]
[EventDate "2011.09.25"]
[EventType "team-tourn"]
[EventRounds "11"]
[EventCountry "HUN"]
[SourceTitle "EXT 2013"]
[Source "ChessBase"]
[SourceDate "2012.11.22"]
[SourceVersion "1"]
[SourceVersionDate "2012.11.22"]
[SourceQuality "1"]
[WhiteTeam "Foti"]
[BlackTeam "Ujszasz"]
[WhiteTeamCountry "HUN"]
[BlackTeamCountry "HUN"]

1. d4 b5 2. Bg5 Bb7 3. Nd2 Nf6 4. Ngf3 a6 5. e3 e6 6. c4 bxc4 7. Bxc4 d5 8. Be2 c5 9. Qb3 Ra7 10. dxc5 Bxc5 11. Rc1 Nbd7 12. Bxf6 gxf6 13. Qa4 Qb6 14. 0-0 Ke7 15. Nd4 Rc8 16. N2b3 Bc6 17. Nxc6+ Rxc6 18. Nxc5 Nxc5 19. Qa3 Ke8 20. b4 Nd7 21. Rxc6 Qxc6 22. b5 Qc5 23. Qxc5 Nxc5 24. Rc1 Nd7 25. bxa6 Kd8 26. Bd3 h6 27. Kf1 Nb8 28. Rc3 Ra8 29. Ra3 Kc7 30. Ke2 Ra7 31. Rc3+ Kb6 32. Rb3+ Kc7 33. g4 Nxa6 34. Ra3 Kb6 35. h4 Nc5 36. Rxa7 Kxa7 37. f4 Nd7 38. Bb5 Nf8 39. Be8 Kb7 40. Bxf7 Kc6 41. g5 Kd6 42. gxh6 Ke7 43. Bh5 f5 44. a4 Kf6 45. Be8 1-0

[Event "HUN-chT2 Erkel 1112"]
[Site "Hungary"]
[Date "2011.11.13"]
[Round "3.7"]
[White "Nadasi, Balazs"]
[Black "Szovan, Karoly"]
[Result "1-0"]
[WhiteElo "2126"]
[BlackElo "2020"]
[PlyCount "59"]
[EventDate "2011.09.25"]
[EventType "team-tourn"]
[EventRounds "11"]
[EventCountry "HUN"]
[SourceTitle "EXT 2013"]
[Source "ChessBase"]
[SourceDate "2012.11.22"]
[SourceVersion "1"]
[SourceVersionDate "2012.11.22"]
[SourceQuality "1"]
[WhiteTeam "Sarkany"]
[BlackTeam "Foti"]
[WhiteTeamCountry "HUN"]
[BlackTeamCountry "HUN"]

1. e4 c5 2. Nf3 d6 3. d4 cxd4 4. Nxd4 Nf6 5. Nc3 a6 6. Bg5 Nbd7 7. f4 b5 8. Qf3 Bb7 9. 0-0-0 e6 10. Bd3 Qb6 11. Nb3 b4 12. Nb1 d5 13. N1d2 dxe4 14. Nxe4 0-0-0 15. Bh4 Nc5 16. Nbxc5 Bxc5 17. Rhe1 Rd4 18. Bxf6 gxf6 19. Qe2 Be7 20. f5 Rd5 21. Nd2 Qd6 22. fxe6 fxe6 23. Nc4 Qf4+ 24. Kb1 Rxd3 25. Qxe6+ Kb8 26. Rxd3 Bc5 27. Nb6 Bf2 28. Red1 Qc7 29. Nd7+ Ka8 30. Qxf6 1-0

[Event "HUN-chT2 Erkel 1112"]
[Site "Hungary"]
[Date "2011.09.25"]
[Round "1.6"]
[White "Szovan, Karoly"]
[Black "Csomor, Viktor"]
[Result "1/2-1/2"]
[WhiteElo "2020"]
[BlackElo "2096"]
[PlyCount "101"]
[EventDate "2011.09.25"]
[EventType "team-tourn"]
[EventRounds "11"]
[EventCountry "HUN"]
[SourceTitle "EXT 2013"]
[Source "ChessBase"]
[SourceDate "2012.11.22"]
[SourceVersion "1"]
[SourceVersionDate "2012.11.22"]
[SourceQuality "1"]
[WhiteTeam "Foti"]
[BlackTeam "Dunaharaszti"]
[WhiteTeamCountry "HUN"]
[BlackTeamCountry "HUN"]

1. d4 d5 2. c4 e6 3. Nc3 c6 4. cxd5 exd5 5. Nf3 Nf6 6. Bg5 h6 7. Bh4 Be7 8. e3 0-0 9. Qc2 Re8 10. Bd3 Nbd7 11. 0-0 Ne4 12. Bxe7 Qxe7 13. Rab1 Ng5 14. Nd2 Nf6 15. b4 a6 16. a4 Nfe4 17. Ncxe4 Nxe4 18. b5 Nxd2 19. Qxd2 axb5 20. axb5 Bd7 21. bxc6 Bxc6 22. Rfc1 Ra3 23. Rc5 Rea8 24. Be2 Ra2 25. Qe1 Qe6 26. Bf3 R8a4 27. Qd1 R4a3 28. h3 Qf5 29. e4 Qg6 30. exd5 Rd3 31. dxc6 Rxd1+ 32. Rxd1 bxc6 33. Rxc6 Qg5 34. d5 Rd2 35. d6 Rxd1+ 36. Bxd1 Qd2 37. Bf3 Qe1+ 38. Kh2 Qe5+ 39. g3 Qd4 40. Kg2 f5 41. h4 g5 42. hxg5 hxg5 43. Rc8+ Kf7 44. Rc7+ Ke8 45. d7+ Kd8 46. Rb7 Qc5 47. g4 fxg4 48. Bxg4 Qc6+ 49. Bf3 Qc4 50. Kg3 Qf4+ 51. Kg2 1/2-1/2

[Event "Balatonlelle op 26th"]
[Site "Balatonlelle"]
[Date "2008.06.19"]
[Round "4.22"]
[White "Horvath, Gabor"]
[Black "Szovan, Karoly"]
[Result "1-0"]
[WhiteElo "2292"]
[BlackElo "2050"]
[PlyCount "57"]
[EventDate "2008.06.14"]
[EventType "swiss"]
[EventRounds "9"]
[EventCountry "HUN"]
[SourceTitle "CBM 125 Extra"]
[Source "ChessBase"]
[SourceDate "2008.09.01"]
[SourceVersion "1"]
[SourceVersionDate "2008.09.01"]
[SourceQuality "1"]

1. e4 c5 2. Nc3 d6 3. f4 a6 4. Nf3 e6 5. g3 b5 6. Bg2 Bb7 7. d3 Nd7 8. 0-0 b4 9. Ne2 Qc7 10. c3 a5 11. g4 g6 12. f5 e5 13. Ng3 f6 14. g5 Bg7 15. b3 Nf8 16. gxf6 Nxf6 17. Bg5 a4 18. Qc2 bxc3 19. bxa4 gxf5 20. Nxf5 Ne6 21. Bh3 Bc8 22. Kh1 h6 23. Be3 Bf8 24. N3h4 Ng5 25. Bg2 Qf7 26. Rab1 Be6 27. Qxc3 Bxf5 28. Nxf5 Be7 29. Rb7 1-0

[Event "Balatonlelle op 26th"]
[Site "Balatonlelle"]
[Date "2008.06.16"]
[Round "3.21"]
[White "Szovan, Karoly"]
[Black "Szamos, Alexander"]
[Result "1/2-1/2"]
[WhiteElo "2050"]
[BlackElo "2224"]
[PlyCount "92"]
[EventDate "2008.06.14"]
[EventType "swiss"]
[EventRounds "9"]
[EventCountry "HUN"]
[SourceTitle "CBM 125 Extra"]
[Source "ChessBase"]
[SourceDate "2008.09.01"]
[SourceVersion "1"]
[SourceVersionDate "2008.09.01"]
[SourceQuality "1"]

1. d4 Nf6 2. c4 e6 3. Nf3 b6 4. g3 Bb7 5. Bg2 Be7 6. 0-0 0-0 7. Nc3 Ne4 8. Qc2 Nxc3 9. Qxc3 d6 10. Rd1 Nd7 11. b4 Qc8 12. Bb2 Bf6 13. Qc2 Re8 14. Rac1 Rb8 15. b5 e5 16. d5 a5 17. Bh3 Qd8 18. Nd2 Bg5 19. e3 Bc8 20. f4 exf4 21. exf4 Bf6 22. Re1 Bxb2 23. Qxb2 Nc5 24. Bxc8 Rxe1+ 25. Rxe1 Nd3 26. Qc3 Nxe1 27. Bf5 g6 28. Bb1 f5 29. Kf2 Qe7 30. Nb3 Re8 31. Nd4 Nd3+ 32. Bxd3 Qe3+ 33. Kf1 Re7 34. Ne6 Qf3+ 35. Kg1 Qe3+ 36. Kg2 Rf7 37. Qc2 Qe1 38. Qe2 Qxe2+ 39. Bxe2 h5 40. a4 Re7 41. Kh3 Kf7 42. Kh4 Kf6 43. Bd3 Rf7 44. h3 Re7 45. Bf1 Rf7 46. Bg2 Re7 1/2-1/2

[Event "Balatonlelle op 26th"]
[Site "Balatonlelle"]
[Date "2008.06.14"]
[Round "1.26"]
[White "Szovan, Karoly"]
[Black "Izso, Daniel"]
[Result "1/2-1/2"]
[WhiteElo "2050"]
[BlackElo "2242"]
[PlyCount "132"]
[EventDate "2008.06.14"]
[EventType "swiss"]
[EventRounds "9"]
[EventCountry "HUN"]
[SourceTitle "CBM 125 Extra"]
[Source "ChessBase"]
[SourceDate "2008.09.01"]
[SourceVersion "1"]
[SourceVersionDate "2008.09.01"]
[SourceQuality "1"]

1. d4 Nf6 2. c4 e6 3. Nf3 b6 4. g3 Ba6 5. Qa4 Bb7 6. Bg2 c5 7. 0-0 cxd4 8. Nxd4 Bxg2 9. Kxg2 Qc8 10. Bf4 a6 11. Nc3 Qb7+ 12. Kg1 Be7 13. Rad1 0-0 14. e4 Nxe4 15. Nxe4 Qxe4 16. Bxb8 Rfxb8 17. Qxd7 Rb7 18. Qc6 Qxc6 19. Nxc6 Bf6 20. b4 g6 21. Rd6 a5 22. b5 Bb2 23. a4 Ba3 24. Rd3 Bc5 25. Rfd1 Re8 26. Kf1 h5 27. f4 Kg7 28. Kg2 Kf6 29. h4 Kg7 30. Kf3 Rc7 31. Ke4 Rec8 32. Rd7 Kf8 33. Ke5 Ba3 34. Kf6 Bb2+ 35. Ne5 Ke8 36. Rxc7 Rxc7 37. Rd6 Rxc4 38. Rxb6 Bxe5+ 39. fxe5 Rxa4 40. Rb8+ Kd7 41. Kxf7 Rb4 42. Rb7+ Kc8 43. Ra7 Rxb5 44. Kxe6 Kb8 45. Rd7 a4 46. Rd4 Ra5 47. Rd2 Kc7 48. Kf6 a3 49. Ra2 Kd7 50. Kxg6 Ke6 51. Kxh5 Kxe5 52. g4 Kf6+ 53. Kh6 Kf7 54. Kh7 Ra4 55. h5 Rxg4 56. Rxa3 Rg7+ 57. Kh6 Rg1 58. Ra8 Re1 59. Ra7+ Kg8 60. Rg7+ Kh8 61. Rg5 Ra1 62. Rg6 Rh1 63. Rb6 Kg8 64. Rb8+ Kf7 65. Rh8 Rh2 66. Rh7+ Kg8 1/2-1/2

[Event "HUN-chT2 0102"]
[Site "Hungary"]
[Date "2001.11.18"]
[Round "3"]
[White "Halasz, Ferenc"]
[Black "Szovan, Karoly"]
[Result "1-0"]
[WhiteElo "2085"]
[BlackElo "2057"]
[PlyCount "113"]
[EventDate "2001.??.??"]
[EventType "team"]
[EventRounds "11"]
[EventCountry "HUN"]
[SourceTitle "EXT 2004"]
[Source "ChessBase"]
[SourceDate "2003.11.25"]
[SourceVersion "1"]
[SourceVersionDate "2003.11.25"]
[SourceQuality "1"]

1. e4 c5 2. Nf3 d6 3. Bb5+ Nd7 4. 0-0 a6 5. Bxd7+ Bxd7 6. c3 Bb5 7. d3 Nf6 8. a4 Bc6 9. a5 Qc7 10. Bg5 e6 11. Nbd2 Be7 12. Re1 h6 13. Bh4 g5 14. Bg3 Nh5 15. Nd4 Nxg3 16. Nxc6 Qxc6 17. fxg3 Bf6 18. Rf1 Bg7 19. Qg4 Ke7 20. Nc4 Rad8 21. Ne3 Qb5 22. Qf3 Rhf8 23. Qe2 Kd7 24. Nc4 Kc7 25. e5 dxe5 26. Nxe5 f6 27. Nc4 Rfe8 28. Rad1 f5 29. Rfe1 e5 30. Qh5 Re6 31. Qf7+ Qd7 32. Qxf5 Rf8 33. Qe4 Re7 34. Nb6 Qf5 35. Qxf5 Rxf5 36. Nd5+ Kd6 37. Nxe7 Kxe7 38. Rf1 Rxf1+ 39. Kxf1 Kd6 40. Ke2 Bf6 41. Rf1 Bd8 42. Ke3 Kd5 43. c4+ Ke6 44. Rf8 Bxa5 45. Rh8 Kf5 46. Rxh6 Bd8 47. h3 g4 48. h4 Ba5 49. Rh5+ Kf6 50. Ke4 Bb4 51. Rf5+ Kg6 52. Rxe5 a5 53. Re6+ Kf7 54. Rb6 a4 55. Rxb7+ Kg6 56. Rb6+ Kh5 57. Rb5 1-0

[Event "HUN-chT2 Maroczy 0001"]
[Site "Hungary"]
[Date "2000.11.26"]
[Round "1"]
[White "Szovan, Karoly"]
[Black "Torok, Sandor"]
[Result "0-1"]
[WhiteElo "2148"]
[BlackElo "2080"]
[PlyCount "40"]
[EventDate "2000.11.26"]
[EventType "team"]
[EventRounds "11"]
[EventCountry "HUN"]
[SourceTitle "EXT 2007"]
[Source "ChessBase"]
[SourceDate "2006.11.23"]
[SourceVersion "1"]
[SourceVersionDate "2006.11.23"]
[SourceQuality "1"]
[WhiteTeam "Foti"]
[BlackTeam "Godollo"]
[WhiteTeamCountry "HUN"]
[BlackTeamCountry "HUN"]

1. d4 Nf6 2. c4 g6 3. f3 e5 4. d5 Bc5 5. Nc3 a6 6. e4 b5 7. cxb5 axb5 8. Bxb5 c6 9. Bc4 Qb6 10. Nh3 0-0 11. Qb3 Bb4 12. Ke2 cxd5 13. Nxd5 Nxd5 14. exd5 e4 15. Be3 exf3+ 16. gxf3 Re8 17. Rhe1 Ba6 18. Kd3 Qa5 19. Bb6 Qxd5+ 20. Kc2 Qd2+ 0-1